000 00376pab a2200145 454500
008 180718b1987 xxu||||| |||| 00| 0 eng d
100 _aWalker, K.J.
245 _aMethodolgies for social aspects of environmental research
260 _c1987
300 _a759-82
362 _aDec.
650 _aEnvironment - Research
773 _aSocial Science Information
909 _a7745
999 _c7745
_d7745